000 00321nam a2200133 i 4500
001 bg
100 1 _aKOLESNIKOV, P. M.
245 0 _aVvedenie v nelinejnuju elektrodinamiku /
_cP.M. Kolesnikov.
260 _aMinsk,
_c1971.
040 _cBPK
041 _apol
942 _cKS
008 s pl f |000 0 pol
999 _c25520
_d25520
856 _uhttp://koha.tu.koszalin.pl/cgi-bin/koha/opac-detail.pl?biblionumber=25520
_yKatalog online BPK